Excellence in business communication (Бичлэгийн дугаар. 145972)
| 000 -УДИРДЛАГА | |
|---|---|
| Удирдлага | 00975nam a22003137a 4500 |
| 003 - ХЯНАЛТЫН ТОО ТОДОРХОЙЛОГЧ | |
| Код | MN-UlNUM |
| 005 - БИЧИЛТ ХИЙСЭН ОГНОО | |
| Тухайн бичилтийг бичсэн засварласан сүүлийн огноо | 20251218153314.0 |
| 008 - ЕРӨНХИЙ МЭДЭЭЛЭЛ | |
| Ерөнхий мэдээлэл | 251218s1991 nyuab||| |||| 001 0 eng | |
| 020 ## - ISBN | |
| ISBN | 0070068070 |
| 040 ## - БИЧЛЭГ ҮҮСГЭГЧ БАЙГУУЛЛАГА | |
| Бичлэг үүсгэгч номын сангийн код | МУИС-ийн номын сан |
| 084 ## - ББК АНГИЛАЛ | |
| Нэмэлт тусгалт | Бусад |
| ББК ангилал | 65.290-2 |
| Зохиогчийн гурван тэмдэгт | J 71 |
| Мэдлэгийн ялгаа | 65 - Эдийн засаг |
| 100 1# - ЗОХИОГЧ | |
| Зохиогчийн нэр | Thill, John V. |
| 245 10 - ҮНДСЭН ГАРЧИГ | |
| Номын нэр | Excellence in business communication |
| Оролцогчдын тухай мэдээ | John V. Thill, Courtland L. Bovée. |
| 260 ## - ГАРАЛТЫН МЭДЭЭ | |
| Хэвлэгдсэн газар | New York : |
| Хэвлэлийн газар | McGraw-Hill, |
| Хэвлэгдсэн он | 1991. |
| 300 ## - МАТЕРИАЛЫН ТОДОРХОЙЛОЛТ | |
| хуудасны тоо | xix, 542, xii p. : |
| Бусад тоон мэдээлэл | col. ill. ; |
| Хэмжээ | 27 cm. |
| 500 ## - Тайлбар | |
| Дансны дугаар | БС 4630 |
| 546 ## - ХЭЛНИЙ ТУХАЙ МЭДЭЭ | |
| Хэл | Англи хэл дээр, |
| 653 ## - Түлхүүр үг | |
| Түлхүүр үг | business communication |
| 653 ## - Түлхүүр үг | |
| Түлхүүр үг | united States |
| 653 ## - Түлхүүр үг | |
| Түлхүүр үг | case studies |
| 700 1# - ХАМ ЗОХИОГЧИД | |
| Ба бус | Bovée, Courtland L. |
| 740 ## - НОМЫН ГАРЧИГ | |
| Гарчиг | Foundations of business communication |
| 740 ## - НОМЫН ГАРЧИГ | |
| Гарчиг | The writing process |
| 740 ## - НОМЫН ГАРЧИГ | |
| Гарчиг | Letters, memos, and other brief messages |
| 740 ## - НОМЫН ГАРЧИГ | |
| Гарчиг | Report and proposals |
| 942 ## - ЭЛЕМЕНТИЙН ТӨРӨЛ | |
| Зүйлийн төрөл | Ном |
